000 01498nam a2200349 c 4500
999 _c188358
_d188358
003 BLK
005 20250318005547.0
008 180411b bul|||||r ||||||| ||bul||
010 _aKNG00197376000
040 _aBLK
041 _aBUL
_cBUL
080 _aБългарска литература
_b821.163.2
_x(081)
_z821.163.2(081)
080 _aБългарска литература
_b821.163.2
_x-4
_z821.163.2-4
080 _aБългарска литература
_b821.163.2
_x-2
_z821.163.2-2
080 _aБългарска литература
_b821.163.2
_x-32
_z821.163.2-32
100 _aХайтов, Николай Александров
_d1919-2002
_gПисател. Драматург.
_9431013
139 _aХайтов, Николай Александров
_bХ 21
245 1 0 _aИзбрани произведения
_bВ 2 т.
_cНиколай Александров Хайтов.
_nТ. 1
_pРазкази, есета, пиеси
257 _aBGR
260 _bБълг. писател
_c1979
_aСофия
300 _c21 см
380 _aX
760 1 _aХайтов, Николай Александров
_d1979
_h591 с., 1 л. : портр.
_tТ. 1 Разкази, есета, пиеси
852 _aЦб 99370
856 4 _qpdf
_i0.00
_ldisable
856 4 _qpdf
_i0.00
_ldisable
942 _cKNG
_n0
_s1
944 _aCR
_c05.12.2016
_k
_lCRON CRON
944 _aED
_c05.12.2016
_kГрета_Цуфелде
999 _d188358
999 _d188358